[Event "POR-ch 2020"]
[Site "Portimao"]
[Date "2020.09.14"]
[Round "9.2"]
[White "Veiga, Jose Francisco R P N"]
[Black "Martins, Bruno Andre Leite"]
[Result "1/2-1/2"]
[WhiteElo "2344"]
[BlackElo "2248"]
[Annotator "TA"]
[PlyCount "110"]
[EventDate "2020.09.07"]
[EventType "tourn"]
[EventCountry "POR"]
[SourceTitle "playchess.com"]
[Source "ChessBase"]
[SourceQuality "1"]

{[%evp 10,110,25,28,27,-5,-7,0,42,38,38,29,38,2,0,0,0,-22,-2,-29,-18,-20,-2,-25,0,-6,37,43,33,33,61,61,59,62,62,62,61,60,75,68,64,64,64,64,64,63,87,29,28,44,58,0,0,0,0,0,0,0,0,0,0,0,0,0,0,0,0,0,0,0,0,0,0,0,0,0,0,0,0,0,0,0,0,0,0,0,0,0,0,0,0,0,0,0,0,0,0,0,0,0,0,0,0]} 1. e4 c6 2. Nc3 d5 3. Nf3 dxe4 4. Nxe4 Nf6 5. Qe2 Nxe4 6. Qxe4 Qd5 {B11: Caro-Kann: Two Knights Variation.} 7. Qh4 Qe6+ 8. Be2 Qg4 9. Qg3 (9. Qxg4 {looks sharper.} Bxg4 10. h3 Bh5 11. d3 Nd7 12. Be3) 9... Qxg3 10. hxg3 g6 {[#]} 11. b3 $146 ({Predecessor:} 11. d4 h5 12. Bg5 Bg7 13. O-O-O Bg4 14. Rhe1 e6 15. Ne5 Bxe2 16. Rxe2 O-O 17. g4 hxg4 18. Nxg4 {½-½ (48) Mamedov,R (2659)-Nihal,S (2612) Moscow 2019}) 11... Bg7 12. d4 Bf5 13. c4 a5 14. Bb2 Na6 {[%cal Bb8a6,Ba6b4,Bb4d3][%mdl 32]} 15. Ne5 Nb4 {...Nc2+ is the strong threat.} 16. O-O Bxe5 17. dxe5 Bd3 18. Bxd3 Nxd3 19. Bd4 c5 20. Rfd1 O-O-O 21. Rxd3 Rxd4 22. Rxd4 cxd4 $14 {[%mdl 4096] Endgame KR-KR} 23. Kf1 Rd8 24. Ke2 d3+ 25. Kd2 Kd7 26. g4 Ke6 27. Rh1 a4 28. Rh3 ({Much worse is} 28. bxa4 $6 Rd4 $11) (28. g3 $16) 28... axb3 $11 29. axb3 Rd4 30. Rxh7 (30. f3 $1 $14) 30... Rxg4 {The position is equal.} 31. g3 Rd4 32. f4 b5 33. cxb5 Rd5 $1 34. Rh1 Rxb5 35. Rb1 g5 36. b4 gxf4 37. gxf4 Kf5 38. Kxd3 Kxf4 39. Kc4 Rxe5 40. Rf1+ Kg5 41. b5 f5 42. b6 Re4+ 43. Kb5 Rh4 44. b7 Rh8 45. Ra1 {[#] Threatens to win with Ra8.} Rb8 $1 {[%cal Rb8b7]} 46. Kc6 (46. Kb6 {keeps more tension.} f4 47. Rf1 Rf8 48. Rg1+ Kf5 49. Rf1) 46... f4 47. Kc7 (47. Ra8 {seems wilder.} Rxb7 48. Kxb7 f3 49. Rf8 Kg4 50. Kc6) 47... Rxb7+ $1 48. Kxb7 {KR-KPP} f3 49. Kc6 Kf4 50. Kd5 f2 51. Ke6 Kf3 52. Kxe7 Kg2 53. Ra2 Kg1 54. Ra1+ f1=Q 55. Rxf1+ Kxf1 {Accuracy: White = 87%, Black = 92%.} 1/2-1/2

[Event "POR-ch 2020"]
[Site "Portimao"]
[Date "2020.09.14"]
[Round "9.3"]
[White "Sousa, Andre Ventura"]
[Black "Fidalgo, Andre Neves"]
[Result "1/2-1/2"]
[WhiteElo "2378"]
[BlackElo "2268"]
[Annotator "TA"]
[PlyCount "41"]
[EventDate "2020.09.07"]
[EventType "tourn"]
[EventCountry "POR"]
[SourceTitle "playchess.com"]
[Source "ChessBase"]
[SourceQuality "1"]

{[%evp 17,41,18,37,20,87,78,81,46,50,56,32,0,0,0,4,-22,-22,-50,-19,-33,-6,-15,-25,-14,-9,-14]} 1. c4 c5 2. b3 Nf6 3. Bb2 e6 4. Nf3 Nc6 5. g3 d5 6. cxd5 exd5 7. Bg2 Be7 8. d4 b6 9. O-O O-O 10. Nc3 {D30: Queen's Gambit Declined: Systems without Nc3.} h6 (10... Ba6 $11) 11. Rc1 Be6 12. dxc5 {White is better.} bxc5 13. Na4 c4 {[#]} 14. Qd2 $146 ({Predecessor:} 14. Nd2 cxb3 15. Rxc6 Qd7 16. Rxe6 fxe6 17. axb3 Rab8 18. Bd4 Bb4 19. Nc5 Qc6 20. Nd3 {1-0 (37) Arancibia Guzman,E (2389)-Garcia Cardenas,P (2181) Santiago de Chile 2008}) 14... Rc8 15. Nd4 Nxd4 16. Qxd4 Qa5 17. h3 Rfd8 18. e3 Ne8 19. Bc3 Qa6 20. Qd2 Nf6 21. Qb2 {Accuracy: White = 66%, Black = 69%.} 1/2-1/2

[Event "POR-ch 2020"]
[Site "Portimao"]
[Date "2020.09.14"]
[Round "9.4"]
[White "Dias, Paulo"]
[Black "Santos, Antonio P"]
[Result "1-0"]
[WhiteElo "2341"]
[BlackElo "2160"]
[Annotator "TA"]
[PlyCount "35"]
[EventDate "2020.09.07"]
[EventType "tourn"]
[EventCountry "POR"]
[SourceTitle "playchess.com"]
[Source "ChessBase"]
[SourceQuality "1"]

{[%evp 22,35,41,31,44,0,0,0,10,13,92,86,160,132,170,171]} 1. d4 Nf6 2. Nf3 g6 3. g3 Bg7 4. c4 c5 5. Bg2 cxd4 6. Nxd4 O-O 7. O-O Nc6 8. Nc3 Nxd4 9. Qxd4 d6 10. Qd3 a6 11. Bd2 Rb8 12. Rac1 b5 {A39: Symmetrical English vs ...g6: 4 Bg2 Bg7 5 Nf3 Nf6 6 0-0 0-0 7 d4.} 13. c5 Bf5 $1 {[%cal Rf5d3]} ({Don't play} 13... dxc5 14. Qxd8 Rxd8 15. Bf4 $16) 14. e4 dxc5 15. Qxd8 $1 {[#]} Rfxd8 $146 (15... Rbxd8 $11 {keeps the balance.} 16. Be3 Be6) ({Predecessor:} 15... Rbxd8 16. Be3 Be6 17. Bxc5 Rfe8 18. Rfd1 Nd7 19. Bb4 Ne5 20. Nd5 Bg4 21. Nxe7+ Kh8 22. Rxd8 Rxd8 {½-½ (33) Beikert,G (2424)-Kosten,A (2516) Naujac 2004}) 16. Bf4 $16 e5 (16... Be6 $142) 17. Bxe5 Nxe4 18. Bxg7 1-0

[Event "POR-ch 2020"]
[Site "Portimao"]
[Date "2020.09.14"]
[Round "9.5"]
[White "Reis, Luis Sousa"]
[Black "Fernandes, Antonio"]
[Result "1/2-1/2"]
[WhiteElo "2154"]
[BlackElo "2359"]
[Annotator "TA"]
[PlyCount "62"]
[EventDate "2020.09.07"]
[EventType "tourn"]
[EventCountry "POR"]
[SourceTitle "playchess.com"]
[Source "ChessBase"]
[SourceQuality "1"]

{[%evp 16,62,84,71,86,86,95,64,91,88,49,57,59,68,62,57,47,-46,-66,-49,-64,-58,-70,-94,-93,-141,-59,-71,-12,-22,-22,-73,0,-21,-8,-36,72,0,0,0,0,-36,-39,-112,8,15,8,8,77]} 1. e4 c5 2. Nf3 d6 3. d4 cxd4 4. Nxd4 Nf6 5. Nc3 e6 6. g4 Nc6 7. g5 Nd7 8. Be3 a6 9. Qd2 Qc7 {B81: Sicilian Scheveningen: Keres Attack.} 10. O-O-O b5 11. f4 Bb7 {White is slightly better.} 12. a3 {[#]} Nc5 $146 {next ...b4 is good for Black.} ({Predecessor:} 12... b4 13. axb4 Nxb4 14. f5 Nc5 15. fxe6 fxe6 16. Bc4 Nxe4 17. Nxe4 Qxc4 18. b3 Qc8 19. Qxb4 Bxe4 20. Rhg1 e5 {½-½ (22) Thrish,K (2111)-Konnov,O (2311) Voronezh 2018}) 13. Bxb5 axb5 14. Ndxb5 {[%mdl 64] Double Attack} Qd8 15. Qf2 Qa5 $1 {Threatens to win with ...Nxe4!} 16. Nxd6+ ({Much worse is} 16. Bxc5 dxc5 17. f5 (17. Qd2 $2 Rd8 $19) 17... Be7 $17) (16. b4 $1 $14 Nxb4 17. axb4 Qxb4 18. Bxc5 Ra1+ 19. Kd2 Rxd1+ 20. Rxd1 Qxc5 21. Qxc5 dxc5 22. Rb1) 16... Bxd6 $15 17. Rxd6 Na4 18. Nxa4 Qxa4 19. Rhd1 {White wants to play Rd7.} O-O 20. Rd7 Rab8 (20... Ba6 $17 21. Bc5 Rfc8) 21. Bc5 {[#]} Rfd8 ({Black should try} 21... Rfe8 $1 $17 22. Qe2 Nd8) 22. Rxd8+ Nxd8 23. Rd4 (23. e5 $11) 23... Qe8 (23... Qa8 $17 {Hoping for ...e5.} 24. e5 Rc8) 24. e5 Nc6 25. Rd3 Ne7 {[#]} (25... Rc8 $15 {keeps the upper hand.}) 26. Bxe7 (26. Rb3 $1 $16) 26... Qxe7 $11 27. Qb6 Rc8 28. Rd4 Bd5 29. c3 ({Better is} 29. h4 $15) 29... f6 (29... h6 $17 30. h4 Rc6 31. Qb8+ Kh7) 30. gxf6 gxf6 31. exf6 Qf7 {Accuracy: White = 56%, Black = 51%.} (31... Qf8 $11) 1/2-1/2